01300nam a22003017a 4500003000400000005001700004008004100021040002200062082001500084100003500099245004400134260005700178300001800235366000800253490001000261505014500271505008400416505003700500505006900537505006500606650004100671650004700712650004600759650005000805650006100855650004600916700003600962OSt20230607103826.0221006b |||||||| |||| 00| 0 eng d cBiblioteca Lado V a779bS586e aSilva Ferrer, Manueledirector aExtra Camara/bRevista de fotografía/ aNicaraguac2000bCentro Nacional de la Fotografía  c21x22cma84p. espa a20v2 aMemoria de la fotografía venezolana Carlos German Rojas Las reinas en su otro tiempo La farmacia del paisajetFotografía Venezolana  aEl autor y la mirada Representando las diferenciastFotografía Internacional aVisitando el paisajetPortafolio aFotografiar para descubrir, fotografiar para contartReflexiones aExposiciones, publicaciones, eventos, premios y otrostNotas 2Tesauro de Arte & ArquitecturaaARTE 2Tesauro de Arte & ArquitecturaaFOTOGRAFIA 2Tesauro de Arte & ArquitecturaaVENEZUELA 2Tesauro de Arte & ArquitecturaaEXPOSICIONES  2Tesauro de Arte & ArquitecturaaFOTOGRAFIA INTERNACIONAL 2Tesauro de Arte & ArquitecturaaESPAÑOL aNavarreta, Jose Antonioeeditor